| 000 | 00371cam a22001217a 4500 | ||
|---|---|---|---|
| 008 | 180718b1989 xxu||||| |||| 00| 0 eng d | ||
| 082 | _aZ3x5451 M261 | ||
| 100 | _aMadan Mohan, C. | ||
| 245 |
_aDairy management in India: (a study in Andhra Pradesh) _cby C. Madan Mohan |
||
| 260 |
_aDelhi _bMittal _c1989 |
||
| 300 | _a320p. | ||
| 650 | _aDairy farms - India - Andhra Pradesh | ||
| 999 |
_c348491 _d348491 |
||